Intellectual capital : (Registro nro. 5584)

Detalles MARC
000 -CABECERA
Campo de control 00594nam a2200193 i 4500
005 - FECHA Y HORA DE LA ULTIMA TRANSACCION
Campo de control 20160210182553.0
008 - ELEMENTOS DE LONGITUD FIJA—INFORMACION GENERAL
Campo de control 160210b xxu||||| |||| 00| 0 spa d
020 ## - ISBN
ISBN 0385483813
040 ## - FUENTE DE CATALOGACIÓN
Agencia catalogadora original CO-BoIAVH
Agencia transcriptora CO-BoIAVH
041 ## - IDIOMA
Código de idioma para texto/pista de sonido o título separado Inglés
082 04 - NUMERO DE CLASIFICACION DECIMAL DEWEY
Número de clasificación 658.406
Número del ítem S84i
100 1# - ASIENTO PRINCIPAL--NOMBRE PERSONAL
Nombre personal Stewart, Thomas
9 (RLIN) 58798
245 10 - MENCION DE TITULO
Título Intellectual capital :
Parte restante del título the new wealth of organizations /
Mención de responsabilidad Thomas A. Stewart.
260 ## - PUBLICACION, DISTRIBUCION, ETC. (PIE DE IMPRENTA)
Lugar de publicación, distribución, etc. New York :
Nombre del editor, distribuidor, etc. Currency Doubleday,
Fecha de publicación, distribución, etc. 1997.
300 ## - DESCRIPCION FISICA
Extensión 280 páginas
650 14 - ASIENTO SECUNDARIO DE MATERIA - TERMINO TEMATICO
Término temático o nombre geográfico como elemento de entrada Aptitud creadora en los negocios
9 (RLIN) 58799
650 24 - ASIENTO SECUNDARIO DE MATERIA - TERMINO TEMATICO
Término temático o nombre geográfico como elemento de entrada Capítal humanno.
9 (RLIN) 58800
942 ## - ELEMENTOS ADICIONALES (KOHA)
Tipo de ítem Libro
Sistema de clasificación Dewey Decimal Classification
Existencias
Withdrawn status Lost status Sistema de Clasificación Damaged status No para préstamo Colección Inventariado Ubicación Permanente Ubicación actual Fecha de adquisición Fuente de Valor Valor Total Checkouts Número topográfico Inventario / Código de Barras Date last seen Ejemplar Price effective from Forma de adquisición Tipo de material
    Dewey Decimal Classification     General Inventariado 2017 Bogotá Bogotá 12/06/2007 Instituto 39000.00   LB-658.406 S84i 024479 04/12/2012 Ej. 1 04/12/2012   Libro